Twentieth century prose (Record no. 8640)

MARC details
000 -LEADER
fixed length control field 00669cam a2200241ua 4500
008 - FIXED-LENGTH DATA ELEMENTS--GENERAL INFORMATION
fixed length control field 160309n ii |||gr||||Z||||||eng
020 ## - INTERNATIONAL STANDARD BOOK NUMBER
International Standard Book Number 9780195660401
040 ## - CATALOGING SOURCE
Transcribing agency MAIN
041 ## - LANGUAGE CODE
-- eng
082 ## - DEWEY DECIMAL CLASSIFICATION NUMBER
Classification number 808.8
100 ## - MAIN ENTRY--PERSONAL NAME
Personal name Misra, Udayon,
Relator term
245 1# - TITLE STATEMENT
Title Twentieth century prose
Statement of responsibility, etc. ed. by Udayon Misra
250 ## - EDITION STATEMENT
Edition statement 9th imp.
260 ## - PUBLICATION, DISTRIBUTION, ETC.
Place of publication, distribution, etc. New Delhi:
Name of publisher, distributor, etc. Oxford universioty press,
Date of publication, distribution, etc. 2011.
300 ## - PHYSICAL DESCRIPTION
Extent 234p.
700 ## - ADDED ENTRY--PERSONAL NAME
Personal name Goswami, Atul,
Relator term
700 ## - ADDED ENTRY--PERSONAL NAME
Personal name Mahanta, Aparna Dutta,
Relator term
700 ## - ADDED ENTRY--PERSONAL NAME
Personal name Goswami, Prafulla,
Relator term
942 ## - ADDED ENTRY ELEMENTS (KOHA)
Koha item type Books
653 ## - INDEX TERM--UNCONTROLLED
Uncontrolled term Rhetoric & collections of literature
653 ## - INDEX TERM--UNCONTROLLED
Uncontrolled term English second semester
Holdings
Withdrawn status Lost status Damaged status Not for loan Home library Current library Shelving location Date acquired Total Checkouts Full call number Barcode Date last seen Date last checked out Copy number Price effective from Koha item type
        Naharkatiya College Library Naharkatiya College Library General Stacks 19/09/2020 3 808.8 | TWE 23082 11/05/2023 03/11/2021 1 19/09/2020 Books
        Naharkatiya College Library Naharkatiya College Library General Stacks 19/09/2020 9 808.8 | TWE 23083 09/06/2022 27/05/2022 3 19/09/2020 Books
        Naharkatiya College Library Naharkatiya College Library General Stacks 19/09/2020 2 808.8 | TWE 23084 21/12/2023 09/08/2023 4 19/09/2020 Books
        Naharkatiya College Library Naharkatiya College Library General Stacks 19/09/2020 5 808.8 | TWE 23085 05/03/2026 30/01/2025 5 19/09/2020 Books
        Naharkatiya College Library Naharkatiya College Library General Stacks 19/09/2020 13 808.8 | TWE 23086 13/12/2022 10/12/2022 2 19/09/2020 Books

Naharkatiya College © 2020. All rights reserved.

Powered By